Normal view MARC view
  • Constructed wetlands

Entry Topical Term

Number of records used in: 2

001 - CONTROL NUMBER

  • control field: 5858

003 - CONTROL NUMBER IDENTIFIER

  • control field: NUST

005 - DATE AND TIME OF LATEST TRANSACTION

  • control field: 20171102122835.0

008 - FIXED-LENGTH DATA ELEMENTS

  • fixed length control field: 171102|| aca||aabn | a|a d

040 ## - CATALOGING SOURCE

  • Original cataloging agency: NUST
  • Transcribing agency: NUST

150 ## - HEADING--TOPICAL TERM

  • Topical term or geographic name entry element: Constructed wetlands
  • General subdivision: Congresses.

670 ## - SOURCE DATA FOUND

  • Source citation: Work cat.: (NUST)0: Constructed wetlands for wastewater treatment :, c1989.
© 2023 Central Library, National University of Sciences and Technology. All Rights Reserved.